O vestuário português ao tempo da expansão (Registo nº 2729)
[ vista simples ]
| 000 -Etiqueta do registo | |
|---|---|
| Cabeçalho | 00882nam a22002771 4500 |
| 005 - Identificador da versão | |
| Campo de controlo | 20240813121943.0 |
| 095 ## - | |
| -- | PTBN00472324 |
| 021 ## - Número do Depósito Legal | |
| Código do país | PT |
| Número | 64533/93 |
| 100 ## - Dados gerais de processamento | |
| Dados gerais de processamento | 19930610d1993 am a0pory5003 ba |
| 102 ## - Pais de publicação ou produção | |
| País de publicação | Portugal |
| 101 0# - Língua de publicação | |
| Língua do texto, banda sonora, etc. | Português |
| 106 ## - Campo de dados codificados: material textual | |
| Dados codificados do material textual | r |
| 105 ## - Campo de dados codificados: livros | |
| Dados codificados dos livros | a z 001yy |
| 215 ## - Descrição física | |
| Indicação específica da natureza do documento e extensão da espécie | 111 p. |
| Outras indicações físicas | il. |
| Dimensões | 24 cm |
| 200 1# - Titulo e menção de responsabilidade | |
| Título próprio | O vestuário português ao tempo da expansão |
| Informação de outro título | séculos XV e XVI |
| Primeira menção de responsabilidade | Fernando José Cunha de Oliveira |
| 210 ## - Publicação, Distribuição, etc. | |
| Lugar da edição, distribuição, etc. | [Lisboa] |
| Nome do editor, distribuidor, etc. | Grupo de Trabalho do Min. Educação para as Comemorações dos Descobrimentos Portugueses |
| Data da publicação, distribuição, etc. | D.L. 1993 |
| 606 ## - Nome comum usado como assunto | |
| Número de registo de entrada de autoridade | 0001603 |
| Palavra de ordem | História |
| Subdivisão geográfica | Portugal |
| Subdivisão cronológica | Séc.15-16 |
| Número de registo de entrada de autoridade | 0001647 |
| Palavra de ordem | Etnografia |
| Subdivisão de assunto | Vestuário |
| 675 ## - Classificação Decimal Universal (CDU) | |
| Notação | 946.9 |
| Edição | 2ª |
| Língua da edição | por |
| Notação | 39 |
| Edição | 2ª |
| Língua da edição | por |
| 700 #1 - Nome de autor-pessoa física (responsabilidade principal) | |
| Número de registo de entrada de autoridade | 0001303 |
| Palavra de ordem | Oliveira |
| Outra parte do nome não tomada para palavra de ordem | Fernando |
| 942 ## - Elementos de entrada adicionados (Koha) | |
| Tipo de item no Koha | Livro |
| Situação do levantamento | Origin of item (home branch) (coded) | Biblioteca de empréstimo | Código de barras | Cota | Circulation type (not for loan) | Tipo de documento | Nota do exemplar | Damaged status |
|---|---|---|---|---|---|---|---|---|
| Biblioteca Escolar da Coca Maravilhas | Biblioteca Escolar da Coca Maravilhas | BECM1932/93 | 9PT OLI | Livro | Sem mensagem |
